Представление документа в формате RUSMARC

ПолеНазваниеЗначение
  Тип записи c
  Библиографический уровень m
001 Контрольный номер RU/УОНБ/EK_N/322859878
005 Дата корректировки 20250520122156.8
013 Номер (ISMN) __
a Номер (ISMN) ХРЕ 92
100 Данные общей обработки __
a Данные общей обработки 19950216d1992 u u0rusy0103 ba
101 Язык документа 0_
a Язык текста rus
200 Заглавие и сведения об ответственности 1_
a Заглавие ХРЕСТОМАТИЯ К ПРОГРАММЕ ПО МУЗЫКЕ ДОЯ ОБЩЕОБРАЗОВАТЕЛЬНОЙ ШКОЛЫ
e Сведения, относящиеся к заглавию сЕДЬМОЙ КЛАСС.-ПОСОБИЕ ДЛЯ УЧИТЕЛЯ
f Первые сведения об ответственности РЕДАКТОР Ю.И.ЧЕЛКАУСКАС
210 Выходные данные 1_
a Место издания Москва
c Издательство Просвещение
d Дата издания 1992
215 Физическое описание __
a Объем 141 С.
686 Индексы других классификаций __
a Классификационный индекс 85.98Я72
2 Код системы rubbk
801 Источник записи _0
a Страна RU
b Организация Ульяновская государственная областная научная библиотека им.В.И.Ленина
c Дата составления 19950216
g Правила каталогизации PSBO
801 Источник записи _1
a Страна RU
b Организация Ульяновская государственная областная научная библиотека им.В.И.Ленина
c Дата составления 19950216
901 Тип документа __
t Тип документа m
938 Служебная информация __
a Имя БД noti
b Имя библиотеки УОНБ
c Имя АИБС МАРК-SQL
d Номер DOC_ID в БД 1600